Movies Quiz

Random Movies or Actress Quiz
Score 0/30 Timer 06:00
0 Plays Today
% Correct
Harrison Ford
95%
Tommy Lee Jones
78.6%
Kate Winslet
77.9%
Ewan McGregor
73%
Marlon Brando
70.8%
Leonard Nimoy
65.2%
Patrick Stewart
62.6%
Bruce Willis
60.3%
Robert De Niro
56.5%
Ryan Gosling
56.4%
Zac Efron
55%
Alec Guinness
52.6%
Joseph Gordon-Levitt
49.3%
Matthew Broderick
47.4%
Jodie Foster
45.1%
% Correct
Josh Brolin
44.5%
Matthew Perry
44.4%
River Phoenix
43.3%
Martin Freeman
41.9%
Jonathan Taylor Thomas
41.1%
Zachary Quinto
37.9%
James McAvoy
36.5%
Maggie Smith
32.9%
Rob Lowe
32.2%
Ian Holm
27.7%
James Garner
22.6%
Robert Wagner
21.7%
Gwyneth Paltrow
14.2%
Gloria Stuart
9.8%
Jena Malone
3.3%

You're not logged in!

Compare scores with friends on all Sporcle quizzes.
OR
Log In

Sporcle TV

Today on Sporcle TV


Watch our educational content, quiz creation guides, and fun videos on Sporcle TV.

Show Comments

Extras

Top Quizzes Today


Score Distribution

Paid Content

Your Account Isn't Verified!

In order to create a playlist on Sporcle, you need to verify the email address you used during registration. Go to your Sporcle Settings to finish the process.

Report this User

Report this user for behavior that violates our Community Guidelines.

Details: